| 000 | 02856nam a22001577a 4500 | ||
|---|---|---|---|
| 041 | _aukr | ||
| 080 | _a09 | ||
| 090 | _bБУХ | ||
| 100 | _aБухтіярова, М. А. | ||
| 245 | _aПроблеми міжперсональної комунікації у науково-фантастичній прозі ХХ ст. (за романами А. Азімова та Р. Сілверберга "Потворний хлопчина", Р. Бредбері "451 градус за Фаренгейтом", С. Лема "Соляріс") | ||
| 260 |
_aОстрог _bКАФ _c2014 |
||
| 300 | _a102 | ||
| 520 |
_aВступ.
Розділ І. Розвиток науково-фантастичного роману ХХ ст. в епоху НТР.
1.1. Епоха НТР ХХ ст.: проблеми і культурного характеру
1.2. Стильова багатоаспектність творчості С. Лема
1.3. Сукупність художніх засобів, з яких збудований "дивовижний світ фантастики" Р. Бредбері
1.4. А. Азімов великий популяризатор науки ХХ ст.
1.5. Образ Чужого в науково-фантастичній антиутопії
1.6. Жанрові особливості науково-фантастичного роману
Висновки до Розділу І.
Розділ ІІ. Проблематичність комунікації героя з середовищем.
2.1. Відображення впливу НТР на людське спілкування
2.2. Морально-етична основа спілкування у творах фантастів
2.3. Лексичні ресурси письменників-фантастів
2.4. Емоційна атмосфера спілкування персонажів науково-фантастичних романів
Висновки до Розділу ІІ.
Розділ ІІІ. Класика наукової фантастики на екрані: текст роману як сценарій.
3.1. "Неповнота" канадського "Потворного хлопчини"
3.2. Парадокси часу у фільмі Ф. Трюффо "451 градус за Фаренгейтом"
3.3. Подолання відчуженості у спілкуванні: "Соляріс" А. Тарковського
3.4. Мелодраматичне спрощення людського спілкування: "Соляріс" С. Содерберга
Висновки до Розділу ІІІ.
Висновки.
Список використаної літератури. _0наукова фантастика, комунікація, роман, сценарій |
||
| 650 | _aResearch Papers | ||
| 999 |
_c285408 _d285408 |
||
| 942 | _cBK | ||